000 00846nam a2200241 i 4500
001 57958
003 ES-MaACL
005 20250910211348.0
007 t|
008 031020s1972 sp ||||1| spa d
100 1 _aDoumenge, François.
_945503
245 1 0 _aGeografía de los mares /
_cpor François Doumenge ; [traducción Angel Abad Silvestre ; revisión Magda Reixach].
260 _aBarcelona :
_bAriel,
_c[1972]
300 _a329 p., 4 lám., 1 map. :
_bil. ;
_c21 cm.
490 1 _aColección Elcano. Series de Temas Generales ;
_v8
650 0 4 _aOceanografía.
_915678
700 1 _aAbad Silvestre, Ángel,
_917942
700 1 _aReixach, Magda.
_996097
830 0 _aColección Elcano. Serie de temas generales
_v8
_9187083
852 _aES-MaACL
_jC-52501
_bR.85699
852 _aES-MaACL
_jP-1288-5
999 _c57958
_d57958